LIBRARY & INFORMATION CENTRE, KCAET, TAVANUR

ONLINE PUBLIC ACCESS CATALOGUE (OPAC)

Fundamentals of Microprocessors and Micro computers / (Record no. 2770)

MARC details
000 -LEADER
fixed length control field 00528cam a2200205ua 4500
041 ## - LANGUAGE CODE
Language code of text/sound track or separate title eng
082 ## - DEWEY DECIMAL CLASSIFICATION NUMBER
Classification number 004.16
Item number BAD/FU
100 ## - MAIN ENTRY--AUTHOR NAME
Personal name Ram, Badri.
245 ## - TITLE STATEMENT
Title Fundamentals of Microprocessors and Micro computers /
250 ## - EDITION STATEMENT
Edition statement 4 /
260 ## - PUBLICATION, DISTRIBUTION, ETC. (IMPRINT)
Place of publication New Delhi :
Name of publisher Dhanpat Rai Publishing Co. Pvt. Ltd. ,
Year of publication 1995.
300 ## - PHYSICAL DESCRIPTION
Number of Pages 490 ; .
500 ## - GENERAL NOTE
General note 19028-CSS
942 ## - ADDED ENTRY ELEMENTS (KOHA)
Koha item type Books
Holdings
Withdrawn status Lost status Damaged status Home library Current library Date acquired Full call number Accession Number Koha item type
      KAUAET   07/04/2012 004.16 19028 Books
      KAUAET KAUAET 07/04/2012 004.16 21632 Books
free website counter